000 01079nam a2200241Ii 4500
003 JO-AjNU
005 20240629084811.0
008 230605s9999||||xx |||||||||||||| ||und||
040 _aJO-AjNU
_bara
_erda
_cJO-AjNU
041 _aara
050 1 4 _aKMM122 2021
100 1 _aالزعبي، مالك عماد محمد
_eمعد
_965730
245 2 0 _aالمسؤولية الجزائية المترتبه على إفشاء اسرار التحقيق في الشريع الأردني=Criminal responsibility arising from disclosing the secrets of the investigation in jordanian Legislation /
260 _c2021
300 _a102 ورقة
336 _atext
_btxt
_2rdacontent
337 _aunmediated
_bn
_2rdamedia
338 _avolume
_bnc
_2rdacarrier
500 _aرسالة جامعية(اطروحة ماجستير) جامعة عجلون الوطنية، تخصص القانون /كليةالحقوق، 2021
650 4 _aالقانون الاردني -اسرار التحقيق
_962510
700 1 _aالوحشات، زياد محمد
_964909
_eمشرف
942 _2lcc
_cTHS
999 _c31877
_d31877